Inorganic chemistry (Record no. 360889)

MARC details
000 -LEADER
fixed length control field 00539 a2200205 4500
005 - DATE & TIME
control field 20250321141908.0
008 - FIXED-LENGTH DATA ELEMENTS--GENERAL INFORMATION
fixed length control field 250321b |||||||| |||| 00| 0 eng d
020 ## - ISBN
International Standard Book Number 9781774697535
Price Rs. 6995.00
040 ## - CATALOGING SOURCE
Original cataloging agency VIVEKANANDA LIBRARY
082 ## - DDC NUMBER
Classification number 546
Book Number M856I
100 ## - MAIN ENTRY--PERSONAL NAME
Personal name Motola, Martin
245 ## - TITLE STATEMENT
Title Inorganic chemistry
260 ## - PUBLICATION, DISTRIBUTION, ETC. (IMPRINT)
Name of publisher, distributor, etc Toronto Academic press
Date of publication, distribution, etc 2024
Place of publication, distribution, etc Burlington
300 ## - PHYSICAL DESCRIPTION
Pages vii, 227
650 ## - Subject
Subject Chemistry
650 ## - Subject
Subject Inorganic Chemistry
650 ## - Subject
Subject Chemistry -Inorganic
650 ## - Subject
Subject Solid State Chemistry
942 ## - ADDED ENTRY ELEMENTS (KOHA)
Koha item type Books
Holdings
Withdrawn status Lost status Source of classification or shelving scheme Damaged status Not for loan Location (home branch) Sublocation or collection (holding branch) Shelving location Date acquired Koha issues (times borrowed) Koha full call number Accession No. Koha date last seen Koha item type
    Dewey Decimal Classification     VIVEKANANDA LIBRARY VIVEKANANDA LIBRARY Vivekananda Library 22/01/2025   546 M856I 436538 22/01/2025 Books
© Designed and Maintained by Vivekananda Library, MDU Rohtak